The cultures of ancient Xinjiang, western China : crossroads of the Silk Roads /
One of the least known but culturally rich and complex regions located at the heart of Asia, Xinjiang was a hub for the Silk Roads, serving international links between cultures to the west, east, north, and south. Trade, artefacts, foods, technologies, ideas, beliefs, animals, and people traversed t...
مؤلفون آخرون: , , ,
التنسيق: كتاب الكتروني
اللغة: English
منشور في:
Summertown, Oxford :
Archaeopress Publishing Ltd.,
2019.
سلاسل:
Archaeopress archaeology.
الموضوعات:
الوصول للمادة أونلاين: Login to view Source
الوسوم: إضافة وسم
رقم الطلب: DS793.S62
| LEADER | 02399nam a2200457 i 4500 | ||
|---|---|---|---|
| 001 | EDZ0002179154 | ||
| 003 | StDuBDS | ||
| 005 | 20230412182700.0 | ||
| 006 | m|||||o||d|||||||| | ||
| 007 | cr ||||||||||| | ||
| 008 | 191209s2019 enka fob 001|0|eng|d | ||
| 020 | |a 9781789694079 (ebook) : |c No price | ||
| 040 | |a StDuBDS |b eng |c StDuBDS |e rda |e pn | ||
| 050 | 4 | |a DS793.S62 | |
| 082 | 0 | 4 | |a 931.6 |2 23 |
| 245 | 0 | 4 | |a The cultures of ancient Xinjiang, western China : |b crossroads of the Silk Roads / |c edited by Alison Betts, Marika Vicziany, Peter Jia and Angelo Andrea Di Castro. |
| 264 | 1 | |a Summertown, Oxford : |b Archaeopress Publishing Ltd., |c 2019. | |
| 300 | |a 1 online resource (viii, 206 pages) : |b illustrations (black and white, and colour). | ||
| 336 | |a text |2 rdacontent | ||
| 336 | |a still image |2 rdacontent | ||
| 337 | |a computer |2 rdamedia | ||
| 338 | |a online resource |2 rdacarrier | ||
| 490 | 1 | |a Archaeopress archaeology | |
| 500 | |a Also issued in print: 2019. | ||
| 504 | |a Includes bibliographical references and index. | ||
| 520 | 8 | |a One of the least known but culturally rich and complex regions located at the heart of Asia, Xinjiang was a hub for the Silk Roads, serving international links between cultures to the west, east, north, and south. Trade, artefacts, foods, technologies, ideas, beliefs, animals, and people traversed the glacier covered mountain and desert boundaries. This book unveils the ancient secrets of Xinjiang, western China, one of the least known but culturally rich and complex regions located at the heart of Asia. | |
| 521 | |a Specialized. | ||
| 588 | |a Description based on online resource; title from PDF title page (viewed on February 6, 2020). | ||
| 651 | 0 | |a Xinjiang Uygur Zizhiqu (China) |x History. | |
| 651 | 0 | |a Xinjiang Uygur Zizhiqu (China) |x Antiquities. | |
| 651 | 0 | |a Xinjiang Uygur Zizhiqu (China) |x Civilization. | |
| 700 | 1 | |a Betts, A. V. G., |e editor. | |
| 700 | 1 | |a Vicziany, Marika, |e editor. | |
| 700 | 1 | |a Jia, Weiming, |e editor. | |
| 700 | 1 | |a Di Castro, Angelo Andrea, |e editor. | |
| 776 | 0 | 8 | |i Print version : |z 9781789694062 |
| 830 | 0 | |a Archaeopress archaeology. | |
| 856 | 4 | 0 | |3 Archaeopress |u http://library.arce.org:8087/Archaeopress/Products/9781789694062 |
| 942 | |2 lcc |c EBOOK | ||
| 952 | |0 0 |1 0 |4 0 |6 DS0793 S62 |7 1 |9 46638 |a ARCH |b ARCH |d 2023-04-12 |l 0 |o DS793.S62 |r 2023-04-12 00:00:00 |w 2023-04-12 |y EBOOK | ||
| 999 | |c 52296 |d 52296 | ||
